[Event "Cappelle op 29th"]
[Site "Cappelle la Grande"]
[Date "2013.03.01"]
[Round "8"]
[White "Grall, Gwenole"]
[Black "Whiteley, Andrew Jonathan"]
[Result "0-1"]
[WhiteElo "1746"]
[BlackElo "2251"]
[PlyCount "60"]
[EventDate "2013.02.23"]
[EventType "swiss"]
[EventRounds "9"]
[EventCountry "FRA"]
[SourceTitle "CBM 153 Extra"]
[Source "ChessBase"]
[SourceDate "2013.04.22"]
[SourceVersion "1"]
[SourceVersionDate "2013.04.22"]
[SourceQuality "1"]

1. e4 c5 2. c3 Nf6 3. e5 Nd5 4. c4 Nb4 5. a3 N4c6 6. f4 d6 7. exd6 Qxd6 8. d3 e5 9. Nc3 Nd4 10. Nb5 Nxb5 11. cxb5 exf4 12. Qf3 g5 13. h4 gxh4 14. Qxf4 Qe6+ 15. Qe4 Qxe4+ 16. dxe4 Be6 17. Bg5 Bg7 18. 0-0-0 Nd7 19. Nf3 Nf6 20. Bxf6 Bxf6 21. Nxh4 Bb3 22. Rd3 c4 23. Rg3 0-0-0 24. Be2 Be5 25. Rf3 Bxb2+ 26. Kxb2 Rd2+ 27. Kc1 Rxe2 28. Rxf7 Ra2 29. Rh3 Rd8 30. Rxb3 cxb3 0-1

[Event "BCF-chT2b 1213 (4NCL)"]
[Site "England"]
[Date "2013.01.13"]
[Round "4.64"]
[White "Whiteley, Andrew Jonathan"]
[Black "Musson, Adam"]
[Result "1/2-1/2"]
[WhiteElo "2251"]
[BlackElo "1761"]
[PlyCount "51"]
[EventDate "2012.11.03"]
[EventType "team-tourn"]
[EventRounds "7"]
[EventCountry "ENG"]
[SourceTitle "EXT 2014"]
[Source "ChessBase"]
[SourceDate "2013.11.20"]
[SourceVersion "1"]
[SourceVersionDate "2013.11.20"]
[SourceQuality "1"]
[WhiteTeam "Kings Head"]
[BlackTeam "Bristol"]
[WhiteTeamCountry "ENG"]
[BlackTeamCountry "ENG"]

1. d4 Nf6 2. c4 g6 3. Nf3 d5 4. cxd5 Nxd5 5. g3 Bg7 6. Bg2 0-0 7. 0-0 Nc6 8. e4 Nb6 9. d5 Na5 10. Nc3 c6 11. Nd4 cxd5 12. exd5 e6 13. Nb3 Nxb3 14. Qxb3 exd5 15. Nxd5 Be6 16. Rd1 Nxd5 17. Bxd5 Bxd5 18. Rxd5 Qc8 19. Be3 b6 20. Bd4 Bh6 21. Rd1 Qe6 22. Qf3 Rac8 23. Bc3 Bg7 24. Bxg7 Kxg7 25. Qd3 Rc7 26. Qd4+ 1/2-1/2

[Event "BCF-chT2a 1112 (4NCL)"]
[Site "England"]
[Date "2012.02.11"]
[Round "5.4"]
[White "McEwan, Ken B"]
[Black "Whiteley, Andrew Jonathan"]
[Result "0-1"]
[WhiteElo "2109"]
[BlackElo "2280"]
[PlyCount "84"]
[EventDate "2011.11.12"]
[EventType "team-tourn"]
[EventRounds "7"]
[EventCountry "ENG"]
[SourceTitle "EXT 2013"]
[Source "ChessBase"]
[SourceDate "2012.11.22"]
[SourceVersion "1"]
[SourceVersionDate "2012.11.22"]
[SourceQuality "1"]
[WhiteTeam "Poisoned Pawns"]
[BlackTeam "Kings Head"]
[WhiteTeamCountry "ENG"]
[BlackTeamCountry "ENG"]

1. d4 d5 2. c4 c6 3. Nc3 Nf6 4. Nf3 e6 5. Bg5 h6 6. Bh4 dxc4 7. e3 b5 8. Be2 Bb7 9. 0-0 Nbd7 10. Qc2 Be7 11. Rfd1 Nd5 12. Bg3 0-0 13. a3 Nxc3 14. bxc3 Nb6 15. e4 Bd6 16. Bxd6 Qxd6 17. e5 Qc7 18. Nd2 c5 19. Ne4 Bxe4 20. Qxe4 Nd5 21. Rdc1 cxd4 22. cxd4 g6 23. a4 a6 24. Ra3 Kg7 25. Rh3 Rh8 26. Rg3 Rab8 27. h4 h5 28. Qf3 Qe7 29. Rg5 c3 30. axb5 axb5 31. Qg3 b4 32. Bd3 b3 33. Bxg6 fxg6 34. Rxg6+ Kf8 35. Rf6+ Ke8 36. Qg6+ Kd7 37. Rf7 Rhc8 38. Rxe7+ Nxe7 39. Qb1 b2 40. Rc2 Nd5 41. Kh2 Rc4 42. Re2 c2 0-1

[Event "BCF-chT2a 1112 (4NCL)"]
[Site "England"]
[Date "2012.01.14"]
[Round "3.3"]
[White "Whiteley, Andrew Jonathan"]
[Black "Ross, Chris Neil"]
[Result "1/2-1/2"]
[WhiteElo "2280"]
[BlackElo "2237"]
[PlyCount "47"]
[EventDate "2011.11.12"]
[EventType "team-tourn"]
[EventRounds "7"]
[EventCountry "ENG"]
[SourceTitle "EXT 2013"]
[Source "ChessBase"]
[SourceDate "2012.11.22"]
[SourceVersion "1"]
[SourceVersionDate "2012.11.22"]
[SourceQuality "1"]
[WhiteTeam "Kings Head"]
[BlackTeam "Pandoras Box"]
[WhiteTeamCountry "ENG"]
[BlackTeamCountry "ENG"]

1. d4 Nf6 2. c4 e6 3. Nc3 Bb4 4. Qc2 0-0 5. e4 d5 6. e5 Ne4 7. a3 Bxc3+ 8. bxc3 c5 9. Bb2 cxd4 10. cxd4 Qa5+ 11. Ke2 f5 12. f3 Ng5 13. Kf2 Bd7 14. Bd3 dxc4 15. Bxc4 Rc8 16. Qd3 Na6 17. Ne2 Nc7 18. Qxf5 Bb5 19. Qd3 Bxc4 20. Qxc4 Nd5 21. Qd3 Nf7 22. Rhc1 Qb6 23. Rxc8+ Rxc8 24. Rc1 1/2-1/2

[Event "BCF-chT2c 0910 (4NCL) Promotion pool"]
[Site "England"]
[Date "2010.03.28"]
[Round "8.2"]
[White "Gormally, Daniel"]
[Black "Whiteley, Andrew Jonathan"]
[Result "1-0"]
[WhiteElo "2491"]
[BlackElo "2280"]
[PlyCount "81"]
[EventDate "2009.10.24"]
[EventType "team-tourn"]
[EventRounds "4"]
[EventCountry "ENG"]
[SourceTitle "EXT 2010"]
[Source "ChessBase"]
[SourceDate "2010.11.25"]
[SourceVersion "1"]
[SourceVersionDate "2010.11.25"]
[SourceQuality "1"]
[WhiteTeam "Cheddleton"]
[BlackTeam "Kings Head"]
[WhiteTeamCountry "ENG"]
[BlackTeamCountry "ENG"]

1. e4 e6 2. d4 d5 3. Nd2 Nf6 4. e5 Nfd7 5. Ngf3 c5 6. c3 Nc6 7. Bd3 cxd4 8. cxd4 Nb6 9. 0-0 Bd7 10. Nb3 Nb4 11. Bb1 Ba4 12. a3 Nc6 13. Qd3 Nd7 14. Re1 Qb6 15. Nbd2 a5 16. b3 Bb5 17. Qe3 Be7 18. Bb2 0-0 19. h4 h6 20. Nf1 Qd8 21. Qf4 Bxf1 22. Kxf1 Qb6 23. Qe3 f5 24. exf6 Rxf6 25. Qd3 Qa6 26. Re2 Qxd3 27. Bxd3 Nf8 28. Re3 Bd8 29. g3 Bb6 30. Kg2 Rc8 31. Rc1 Nd7 32. Rce1 Rcf8 33. Bb5 g5 34. hxg5 hxg5 35. R1e2 Rf5 36. Bd3 g4 37. Nh2 Rg5 38. Rxe6 Nxd4 39. Rxb6 Nxe2 40. Rxb7 Rh5 41. Nxg4 1-0

[Event "ENG-ch Seniors"]
[Site "Dovedale"]
[Date "2008.01.31"]
[Round "4"]
[White "Whiteley, Andrew Jonathan"]
[Black "Singleton, Michael Peter F"]
[Result "1-0"]
[WhiteElo "2265"]
[BlackElo "2184"]
[PlyCount "77"]
[EventDate "2008.01.28"]
[EventType "swiss"]
[EventRounds "5"]
[EventCountry "ENG"]
[SourceTitle "EXT 2009"]
[Source "ChessBase"]
[SourceDate "2008.11.26"]
[SourceVersion "1"]
[SourceVersionDate "2008.11.26"]
[SourceQuality "1"]

1. d4 Nf6 2. c4 g6 3. Nf3 Bg7 4. g3 0-0 5. Bg2 d6 6. 0-0 c6 7. Nc3 Nbd7 8. e4 e5 9. h3 a6 10. Re1 Nh5 11. Be3 f5 12. exf5 gxf5 13. dxe5 dxe5 14. Nxe5 f4 15. Nxd7 fxe3 16. Rxe3 Bxd7 17. Qxh5 Qb6 18. Na4 Qb4 19. Be4 h6 20. Bc2 Qd2 21. Re2 Qg5 22. Qxg5 hxg5 23. Kg2 Bd4 24. c5 Be6 25. Bb3 Bxb3 26. axb3 Rf5 27. Rd1 Bg7 28. Rd7 Raf8 29. Red2 Be5 30. b4 Rf3 31. Nc3 Bxc3 32. bxc3 Rxc3 33. Rxb7 Rb3 34. Rdd7 Ra8 35. Rg7+ Kf8 36. Rxg5 a5 37. Rh7 Ra6 38. bxa5 Rxa5 39. Rc7 1-0

[Event "ENG-ch Seniors"]
[Site "Dovedale"]
[Date "2008.01.30"]
[Round "3"]
[White "MacDonald Ross, Michael"]
[Black "Whiteley, Andrew Jonathan"]
[Result "0-1"]
[WhiteElo "2154"]
[BlackElo "2265"]
[PlyCount "82"]
[EventDate "2008.01.28"]
[EventType "swiss"]
[EventRounds "5"]
[EventCountry "ENG"]
[SourceTitle "EXT 2009"]
[Source "ChessBase"]
[SourceDate "2008.11.26"]
[SourceVersion "1"]
[SourceVersionDate "2008.11.26"]
[SourceQuality "1"]

1. d4 d5 2. Nf3 Nf6 3. e3 e6 4. c4 c6 5. Nbd2 Nbd7 6. b3 Be7 7. Bd3 0-0 8. 0-0 c5 9. Bb2 cxd4 10. Nxd4 Nb6 11. cxd5 Nbxd5 12. Rc1 Nb4 13. Bb1 Bd7 14. Nc4 Nc6 15. Nf3 Nd5 16. Qc2 g6 17. e4 Nb6 18. Rfd1 Nxc4 19. Qxc4 Rc8 20. Qc3 f6 21. Qd2 Be8 22. Qh6 Qa5 23. h4 Rf7 24. Qd2 Qxd2 25. Rxd2 Bf8 26. Rdd1 Bh6 27. Rc4 e5 28. Rc5 Rfc7 29. Bd3 Bf7 30. Bc4 Bf8 31. Bxf7+ Kxf7 32. Rcd5 Ke6 33. R5d2 h5 34. Kf1 Bb4 35. Rc2 Be7 36. Rdc1 Bf8 37. Ne1 Rd7 38. Ke2 Rcd8 39. Nf3 Nb4 40. Rd2 Nd3 41. Rcc2 Bh6 0-1

[Event "BCF-chT2 0708 (4NCL)"]
[Site "Sunningdale"]
[Date "2008.01.12"]
[Round "5.1"]
[White "Whiteley, Andrew Jonathan"]
[Black "Bellin, Robert"]
[Result "1/2-1/2"]
[WhiteElo "2265"]
[BlackElo "2385"]
[PlyCount "62"]
[EventDate "2007.09.15"]
[EventType "team-tourn"]
[EventRounds "11"]
[EventCountry "ENG"]
[SourceTitle "EXT 2023"]
[Source "ChessBase"]
[SourceDate "2022.10.05"]
[SourceVersion "1"]
[SourceVersionDate "2022.10.05"]
[SourceQuality "1"]
[WhiteTeam "Kings Head"]
[BlackTeam "Cheddleton"]
[WhiteTeamCountry "ENG"]
[BlackTeamCountry "ENG"]

1. d4 e6 2. c4 f5 3. Nf3 Nf6 4. g3 Be7 5. Bg2 0-0 6. 0-0 d5 7. Nbd2 Nc6 8. b3 Ne4 9. Bb2 Bd7 10. e3 Be8 11. Ne1 Bh5 12. Ndf3 Qd7 13. Qc2 Rae8 14. Nd3 Bxf3 15. Bxf3 Nb4 16. Nxb4 Bxb4 17. Bg2 Be7 18. Qc1 c6 19. Ba3 Nd6 20. Qc2 Rf7 21. Rac1 g5 22. Qe2 Bf6 23. Rc2 Ne4 24. Qh5 Rg7 25. cxd5 exd5 26. Kh1 g4 27. f3 Rg5 28. Qh6 Rg6 29. Qh5 Rg5 30. Qh6 Rg6 31. Qh5 Rg5 1/2-1/2

[Event "BCF-chT3 0607 (4NCL)"]
[Site "Sunningdale"]
[Date "2007.05.06"]
[Round "10.2"]
[White "Whiteley, Andrew Jonathan"]
[Black "Richmond, Peter A"]
[Result "1-0"]
[WhiteElo "2246"]
[BlackElo "2250"]
[PlyCount "55"]
[EventDate "2006.09.16"]
[EventType "team"]
[EventRounds "11"]
[EventCountry "ENG"]
[SourceTitle "EXT 2008"]
[Source "ChessBase"]
[SourceDate "2007.11.25"]
[SourceVersion "1"]
[SourceVersionDate "2007.11.25"]
[SourceQuality "1"]
[WhiteTeam "Kings Head"]
[BlackTeam "Braille Chess Association"]
[WhiteTeamCountry "ENG"]
[BlackTeamCountry "ENG"]

1. d4 d5 2. c4 c6 3. Nf3 e6 4. Nbd2 Nf6 5. g3 Nbd7 6. Bg2 Be7 7. 0-0 0-0 8. Qc2 c5 9. cxd5 exd5 10. b3 b6 11. dxc5 Nxc5 12. Nd4 Qd7 13. Bb2 Ba6 14. N2f3 Rac8 15. Ne5 Qb7 16. Bh3 Rc7 17. Nf5 Bd8 18. Qd1 Nce4 19. Re1 Qb8 20. Qd4 Bc8 21. Rac1 Ng5 22. Bg4 h5 23. Rxc7 Qxc7 24. Rc1 hxg4 25. Rxc7 Bxc7 26. Ne7+ Kh8 27. Nxc8 Rxc8 28. Qc3 1-0

[Event "BCF-chT3 0607 (4NCL)"]
[Site "Sunningdale"]
[Date "2006.11.11"]
[Round "3.1"]
[White "Ferrington, Nigel M"]
[Black "Whiteley, Andrew Jonathan"]
[Result "1/2-1/2"]
[WhiteElo "2110"]
[BlackElo "2245"]
[PlyCount "110"]
[EventDate "2006.09.16"]
[EventType "team"]
[EventRounds "11"]
[EventCountry "ENG"]
[SourceTitle "EXT 2008"]
[Source "ChessBase"]
[SourceDate "2007.11.25"]
[SourceVersion "1"]
[SourceVersionDate "2007.11.25"]
[SourceQuality "1"]
[WhiteTeam "Wessex II"]
[BlackTeam "Kings Head"]
[WhiteTeamCountry "ENG"]
[BlackTeamCountry "ENG"]

1. e4 e6 2. d4 d5 3. exd5 exd5 4. c4 Bb4+ 5. Nc3 Qe7+ 6. Be2 dxc4 7. Nf3 Nf6 8. 0-0 0-0 9. Bxc4 Bg4 10. Bg5 c6 11. Qd3 Nbd7 12. Rac1 Rad8 13. Rfe1 Qd6 14. Ne4 Qc7 15. Nxf6+ Nxf6 16. Bxf6 gxf6 17. Re3 Qf4 18. Rd1 Bd6 19. g3 Qf5 20. Qxf5 Bxf5 21. Nh4 Bc2 22. Rd2 Bg6 23. Nxg6 hxg6 24. Be2 Rd7 25. Rd1 Rfd8 26. Red3 Be7 27. b3 f5 28. Bf3 Bf6 29. d5 c5 30. Kf1 g5 31. g4 fxg4 32. Bxg4 Rd6 33. Bf3 Kg7 34. h3 Rh8 35. Kg2 Rh4 36. Re3 c4 37. bxc4 Rxc4 38. Rb1 Rc2 39. Re2 Rxe2 40. Bxe2 b6 41. Bf3 Bd4 42. Re1 Kf6 43. Rc1 Bc5 44. Re1 Rd7 45. Re2 Re7 46. Rxe7 Bxe7 47. Bh5 b5 48. Kf3 Bc5 49. Ke2 Ke7 50. f3 f5 51. Kd3 a6 52. Bg6 Kf6 53. Be8 Ke5 54. Bd7 Bf2 55. Bc8 Kxd5 1/2-1/2

[Event "BCF-chT3 0506 (4NCL)"]
[Site "Birmingham"]
[Date "2005.11.19"]
[Round "3.3"]
[White "Whiteley, Andrew Jonathan"]
[Black "Rutter, Nicholas J"]
[Result "1-0"]
[WhiteElo "2228"]
[BlackElo "2133"]
[PlyCount "85"]
[EventDate "2005.10.22"]
[EventType "team"]
[EventRounds "11"]
[EventCountry "ENG"]
[SourceTitle "EXT 2007"]
[Source "ChessBase"]
[SourceDate "2006.11.23"]
[SourceVersion "1"]
[SourceVersionDate "2006.11.23"]
[SourceQuality "1"]
[WhiteTeam "Kings Head"]
[BlackTeam "Wessex II"]
[WhiteTeamCountry "ENG"]
[BlackTeamCountry "ENG"]

1. d4 d5 2. c4 e6 3. Nc3 c6 4. Nf3 Nf6 5. Bg5 dxc4 6. e4 b5 7. e5 h6 8. Bh4 g5 9. exf6 gxh4 10. Ne5 Qxf6 11. g3 Nd7 12. f4 Nxe5 13. fxe5 Qd8 14. Bg2 Qb6 15. Qh5 Bb7 16. 0-0-0 b4 17. Ne4 0-0-0 18. Qxf7 c3 19. Qxe6+ Kb8 20. Rhf1 c5 21. Qxb6 cxb2+ 22. Kxb2 axb6 23. Rf7 cxd4 24. e6 Bxe4 25. Bxe4 Bc5 26. Rc1 Rd6 27. e7 Re6 28. Rxc5 bxc5 29. Rf8+ Kc7 30. Rxh8 Rxe7 31. Rh7 Rxh7 32. Bxh7 hxg3 33. hxg3 c4 34. Bg8 c3+ 35. Kc2 Kd6 36. Kd3 Ke5 37. Bh7 Kd5 38. Bg6 Kc5 39. Bf7 Kb5 40. Bb3 Kc5 41. Ke4 c2 42. Bxc2 Kc4 43. g4 1-0

[Event "BCF-chT3 0506 (4NCL)"]
[Site "Birmingham"]
[Date "2005.10.22"]
[Round "1.3"]
[White "Whiteley, Andrew Jonathan"]
[Black "Richards, Heather"]
[Result "1/2-1/2"]
[WhiteElo "2228"]
[BlackElo "2239"]
[PlyCount "89"]
[EventDate "2005.10.22"]
[EventType "team"]
[EventRounds "11"]
[EventCountry "ENG"]
[SourceTitle "EXT 2007"]
[Source "ChessBase"]
[SourceDate "2006.11.23"]
[SourceVersion "1"]
[SourceVersionDate "2006.11.23"]
[SourceQuality "1"]
[WhiteTeam "Kings Head"]
[BlackTeam "Mindsports"]
[WhiteTeamCountry "ENG"]
[BlackTeamCountry "ENG"]

1. d4 e6 2. Nf3 d5 3. c4 c5 4. cxd5 exd5 5. Nc3 Nc6 6. g3 Nf6 7. Bg2 Be7 8. 0-0 0-0 9. dxc5 Be6 10. Na4 Qd7 11. a3 Ne4 12. Be3 Rad8 13. Nd4 Nxd4 14. Bxd4 Bh3 15. Rc1 Rfe8 16. e3 Bf8 17. f3 Ng5 18. Nc3 h5 19. Ne2 Bxg2 20. Kxg2 Qh3+ 21. Kh1 Ne6 22. Nf4 Nxf4 23. gxf4 g6 24. Bf6 Be7 25. Bxe7 Rxe7 26. e4 Red7 27. e5 d4 28. Qd3 Rd5 29. c6 bxc6 30. Rxc6 Qf5 31. Qxf5 gxf5 32. Rd1 d3 33. Rd2 Rd4 34. Rc3 Kf8 35. Kg2 Ke7 36. Kf2 Rxf4 37. Rdxd3 Rxd3 38. Rxd3 Ke6 39. Kg3 Rc4 40. f4 h4+ 41. Kxh4 Rxf4+ 42. Kg3 Rg4+ 43. Kf3 Rh4 44. Kg3 Rg4+ 45. Kf3 1/2-1/2

[Event "Hampstead IM 3rd"]
[Site "Hampstead"]
[Date "1998.08.15"]
[Round "6"]
[White "Williams, Simon Kim"]
[Black "Whiteley, Andrew Jonathan"]
[Result "1-0"]
[WhiteElo "2335"]
[BlackElo "2240"]
[PlyCount "71"]
[EventDate "1998.08.??"]
[EventType "tourn"]
[EventRounds "11"]
[EventCountry "ENG"]
[EventCategory "1"]
[SourceTitle "EXT 1999"]
[Source "ChessBase"]
[SourceDate "1998.11.16"]
[SourceVersion "1"]
[SourceVersionDate "1998.11.16"]
[SourceQuality "1"]

1. c4 Nf6 2. Nc3 g6 3. g3 d5 4. cxd5 Nxd5 5. Bg2 Nb6 6. d3 Bg7 7. Nf3 0-0 8. h4 h6 9. Be3 Nc6 10. Qd2 Kh7 11. Rc1 e5 12. h5 g5 13. Ne4 Nd4 14. Nfxg5+ hxg5 15. h6 Bf6 16. Rh5 Be7 17. Bxg5 f6 18. Be3 Nd5 19. Bxd4 Bg4 20. Rh4 f5 21. Rxg4 fxg4 22. Bxe5 c6 23. Nc5 Bg5 24. Be4+ Kxh6 25. e3 Qe7 26. d4 Bf6 27. f4 Rh8 28. Qe2 Bxe5 29. dxe5 Rag8 30. Kf2 Kg7 31. Qxg4+ Kf8 32. Bg6 Rh2+ 33. Kf3 Nc7 34. Nd7+ Kg7 35. Nf6 Rd8 36. Be8+ 1-0

[Event "Northumbrian Masters 1st"]
[Site "Newcastle on Tyne"]
[Date "1996.08.31"]
[Round "7"]
[White "Dearing, Eddie"]
[Black "Whiteley, Andrew Jonathan"]
[Result "1-0"]
[WhiteElo "2185"]
[BlackElo "2255"]
[PlyCount "83"]
[EventDate "1996.08.28"]
[EventType "swiss"]
[EventRounds "9"]
[EventCountry "ENG"]
[SourceTitle "EXT 2023"]
[Source "ChessBase"]
[SourceDate "2022.10.05"]
[SourceVersion "1"]
[SourceVersionDate "2022.10.05"]
[SourceQuality "1"]

1. d4 d5 2. c4 c6 3. cxd5 cxd5 4. Nf3 Nf6 5. Nc3 Nc6 6. Bf4 e6 7. e3 Be7 8. Bd3 0-0 9. 0-0 Nh5 10. Bg3 Nxg3 11. hxg3 Bd7 12. Rc1 Rc8 13. a3 Bd6 14. b4 Qe7 15. Nd2 Rfd8 16. Nb3 Be8 17. f4 g6 18. Qf3 a5 19. b5 Na7 20. a4 Ba3 21. Rc2 Rxc3 22. Rxc3 Qb4 23. Rc7 Qxb3 24. Bc2 Qa2 25. Bb1 Qd2 26. g4 Bf8 27. Rd1 Qb4 28. Rxb7 Nc8 29. f5 Nd6 30. Ra7 exf5 31. gxf5 Qxa4 32. fxg6 hxg6 33. Rf1 Qxb5 34. Bxg6 Rd7 35. Ra8 Re7 36. Qf6 Qd7 37. Bf5 Qc7 38. Rf4 Bg7 39. Rg4 Nxf5 40. Qxf5 Qc1+ 41. Kh2 Qxe3 42. Qf6 1-0

[Event "Northumbrian Masters 1st"]
[Site "Newcastle on Tyne"]
[Date "1996.08.29"]
[Round "3"]
[White "Bryson, Douglas Marshall"]
[Black "Whiteley, Andrew Jonathan"]
[Result "1-0"]
[WhiteElo "2380"]
[BlackElo "2255"]
[PlyCount "61"]
[EventDate "1996.08.28"]
[EventType "swiss"]
[EventRounds "9"]
[EventCountry "ENG"]
[SourceTitle "EXT 2023"]
[Source "ChessBase"]
[SourceDate "2022.10.05"]
[SourceVersion "1"]
[SourceVersionDate "2022.10.05"]
[SourceQuality "1"]

1. e4 e6 2. d4 d5 3. Nc3 Bb4 4. e5 c5 5. a3 Bxc3+ 6. bxc3 Qc7 7. Nf3 Ne7 8. a4 b6 9. Bb5+ Bd7 10. Bd3 Nbc6 11. 0-0 h6 12. Re1 0-0 13. Ba3 Na5 14. Nd2 Bxa4 15. dxc5 bxc5 16. Qg4 Bd7 17. Nf3 f5 18. exf6 Rxf6 19. Ne5 Nb7 20. c4 Nf5 21. cxd5 Bc8 22. Ng6 e5 23. Nxe5 Nbd6 24. Qa4 a5 25. c4 Nd4 26. Bb2 Bf5 27. Bxd4 cxd4 28. Bxf5 Rxf5 29. Qc6 Qxc6 30. Nxc6 Kf7 31. Rxa5 1-0

[Event "Northumbrian Masters 1st"]
[Site "Newcastle on Tyne"]
[Date "1996.08.28"]
[Round "1"]
[White "Pliester, Leon"]
[Black "Whiteley, Andrew Jonathan"]
[Result "1/2-1/2"]
[WhiteElo "2350"]
[BlackElo "2255"]
[PlyCount "84"]
[EventDate "1996.08.28"]
[EventType "swiss"]
[EventRounds "9"]
[EventCountry "ENG"]
[SourceTitle "EXT 2023"]
[Source "ChessBase"]
[SourceDate "2022.10.05"]
[SourceVersion "1"]
[SourceVersionDate "2022.10.05"]
[SourceQuality "1"]

1. d4 d5 2. c4 c6 3. Nf3 Nf6 4. Nc3 e6 5. Bg5 h6 6. Bxf6 Qxf6 7. e3 g6 8. Bd3 Bg7 9. 0-0 0-0 10. Qc2 dxc4 11. Bxc4 Nd7 12. Rac1 b6 13. Rfd1 Bb7 14. e4 Rad8 15. Qa4 a6 16. Be2 e5 17. d5 Nc5 18. Qc4 a5 19. b4 cxd5 20. Nxd5 Bxd5 21. Rxd5 Rxd5 22. exd5 axb4 23. Qxb4 Ra8 24. Qd2 e4 25. Ne1 Qd4 26. Qxd4 Bxd4 27. Nc2 Be5 28. Bc4 Ra7 29. Ne3 Rb7 30. g3 Kf8 31. Kf1 Bd6 32. h4 Ke7 33. h5 gxh5 34. Nf5+ Kd7 35. Nxh6 f6 36. Nf5 Nd3 37. Bxd3 exd3 38. Rd1 Ra7 39. Nxd6 Kxd6 40. Rxd3 Rxa2 41. Rf3 Ke5 42. Rb3 Rd2 1/2-1/2

[Event "London"]
[Site "London"]
[Date "1996.??.??"]
[Round "4"]
[White "Bakre, Tejas"]
[Black "Whiteley, Andrew Jonathan"]
[Result "1-0"]
[WhiteElo "2170"]
[BlackElo "2295"]
[PlyCount "131"]
[EventDate "1996.??.??"]
[EventType "tourn"]
[EventRounds "9"]
[EventCountry "ENG"]
[SourceTitle "EXT 1998"]
[Source "ChessBase"]
[SourceDate "1997.11.17"]
[SourceVersion "1"]
[SourceVersionDate "1997.11.17"]
[SourceQuality "1"]

1. e4 e6 2. d4 d5 3. Nc3 Bb4 4. e5 c5 5. a3 Bxc3+ 6. bxc3 Qc7 7. Nf3 Ne7 8. h4 b6 9. h5 h6 10. Be2 Ba6 11. Bxa6 Nxa6 12. 0-0 Rc8 13. Ra2 cxd4 14. cxd4 Qc4 15. Rb2 0-0 16. Nh4 Nc6 17. Nf3 Rc7 18. Be3 Rfc8 19. Qc1 Kh7 20. Qb1 Kg8 21. Qc1 Kf8 22. Rd1 Ke8 23. Bxh6 gxh6 24. Qxh6 Ne7 25. Qf6 Qe2 26. Re1 Qc4 27. h6 Qc3 28. h7 Ng6 29. Reb1 Qxa3 30. Nh4 Kd7 31. Nxg6 fxg6 32. h8Q Rxh8 33. Qxh8 Qe7 34. Qg8 Qe8 35. Qh7+ Kc8 36. Qh3 Nb8 37. Ra2 Nc6 38. Qd3 Rh7 39. Qb5 Qd7 40. Ra4 Rh4 41. Rb3 Kb8 42. g3 Rh8 43. Ra6 Qb7 44. c3 g5 45. f3 g4 46. fxg4 Na5 47. Qxa5 bxa5 48. Rxb7+ Kxb7 49. Rxe6 a4 50. Rf6 Rc8 51. Rf2 Rxc3 52. Kg2 Rd3 53. g5 Rxd4 54. Kh3 Re4 55. g6 Rxe5 56. Kh4 Re8 57. Kg5 Kc6 58. g7 Rg8 59. Kg6 Kc5 60. Kh7 Rxg7+ 61. Kxg7 d4 62. Kf6 Kc4 63. g4 d3 64. g5 Kc3 65. g6 d2 66. Rf1 1-0

[Event "London"]
[Site "London"]
[Date "1996.??.??"]
[Round "9"]
[White "Sowray, Peter John"]
[Black "Whiteley, Andrew Jonathan"]
[Result "1-0"]
[WhiteElo "2345"]
[BlackElo "2295"]
[PlyCount "55"]
[EventDate "1996.??.??"]
[EventType "tourn"]
[EventRounds "9"]
[EventCountry "ENG"]
[SourceTitle "EXT 1998"]
[Source "ChessBase"]
[SourceDate "1997.11.17"]
[SourceVersion "1"]
[SourceVersionDate "1997.11.17"]
[SourceQuality "1"]

1. e4 e6 2. d4 d5 3. Nc3 Bb4 4. e5 c5 5. a3 Bxc3+ 6. bxc3 Qc7 7. Qg4 f6 8. Bb5+ Kf8 9. Nf3 c4 10. a4 a6 11. Ba3+ Ne7 12. Bd6 Qd8 13. exf6 gxf6 14. Qf4 Kg7 15. Bxb8 Qa5 16. Kd2 axb5 17. axb5 Qxa1 18. Rxa1 Rxa1 19. g4 h6 20. h4 Rf8 21. Bd6 Rf7 22. Bxe7 Rxe7 23. g5 hxg5 24. hxg5 Rf7 25. gxf6+ Rxf6 26. Qg5+ Rg6 27. Qe7+ Kh6 28. Qf8+ 1-0

[Event "London"]
[Site "London"]
[Date "1996.??.??"]
[Round "1"]
[White "Whiteley, Andrew Jonathan"]
[Black "Franklin, Michael J"]
[Result "0-1"]
[WhiteElo "2295"]
[BlackElo "2280"]
[PlyCount "124"]
[EventDate "1996.??.??"]
[EventType "tourn"]
[EventRounds "9"]
[EventCountry "ENG"]
[SourceTitle "EXT 1998"]
[Source "ChessBase"]
[SourceDate "1997.11.17"]
[SourceVersion "1"]
[SourceVersionDate "1997.11.17"]
[SourceQuality "1"]

1. d4 Nf6 2. c4 e6 3. Nc3 Bb4 4. Qc2 Nc6 5. Nf3 d6 6. Bd2 0-0 7. a3 Bxc3 8. Bxc3 Re8 9. e3 e5 10. dxe5 Nxe5 11. Nxe5 dxe5 12. Be2 Qe7 13. 0-0 Qe6 14. Rae1 b6 15. f4 exf4 16. exf4 Bb7 17. Bf3 Ne4 18. Be5 Nc5 19. f5 Qd7 20. Bxb7 Nxb7 21. Qe4 Nc5 22. Qg4 f6 23. Bxf6 Qf7 24. Bh4 Nd3 25. Rxe8+ Rxe8 26. Qd4 Ne5 27. Re1 c5 28. Qe4 Kf8 29. b3 Qd7 30. Bg3 Nc6 31. Bd6+ Kf7 32. Qxe8+ Qxe8 33. Rxe8 Kxe8 34. g4 Kd7 35. Bf8 g6 36. fxg6 hxg6 37. Kf2 Na5 38. Ke3 Nxb3 39. Bg7 Na5 40. Kd3 Ke6 41. Bc3 Nb7 42. Bd2 a6 43. a4 Ke5 44. Bg5 Nd6 45. Bd8 b5 46. cxb5 axb5 47. a5 Kd5 48. Be7 Nc8 49. Bf6 Na7 50. Bd8 Nc6 51. Bc7 c4+ 52. Kc2 b4 53. h4 Nd4+ 54. Kb1 c3 55. a6 Nb5 56. h5 b3 57. a7 Na3+ 58. Ka1 b2+ 59. Ka2 b1Q+ 60. Kxa3 Qa1+ 61. Kb3 Qxa7 62. Bf4 Qb6+ 0-1

[Event "London"]
[Site "London"]
[Date "1996.??.??"]
[Round "5"]
[White "Whiteley, Andrew Jonathan"]
[Black "Grooten, Herman"]
[Result "0-1"]
[WhiteElo "2295"]
[BlackElo "2370"]
[PlyCount "74"]
[EventDate "1996.??.??"]
[EventType "tourn"]
[EventRounds "9"]
[EventCountry "ENG"]
[SourceTitle "EXT 1998"]
[Source "ChessBase"]
[SourceDate "1997.11.17"]
[SourceVersion "1"]
[SourceVersionDate "1997.11.17"]
[SourceQuality "1"]

1. d4 Nf6 2. c4 e6 3. Nc3 Bb4 4. Qc2 c5 5. dxc5 Bxc5 6. Nf3 Be7 7. e4 d6 8. Bf4 Nh5 9. Be3 Nd7 10. Be2 a6 11. 0-0 Qc7 12. a4 b6 13. a5 bxa5 14. Nd4 Nhf6 15. Nb3 Ne5 16. Nxa5 Nfg4 17. Bd4 h5 18. f4 Ng6 19. Bxg4 hxg4 20. Bxg7 Rh5 21. f5 Ne5 22. Bxe5 dxe5 23. Kh1 Bc5 24. b4 Bd4 25. f6 g3 26. h3 Qd6 27. c5 Qf8 28. Rf3 Qg8 29. Rd1 Qg4 30. Rxd4 exd4 31. Ne2 Rxh3+ 32. Kg1 Qh5 33. Nxg3 Qg4 34. c6 Rxg3 35. c7 Qxf3 36. Qc6+ Kf8 37. Qd6+ Kg8 0-1